000
00269nam a2200121Ia 4500
005
20251222154424.0
008
251222s9999||||xx |||||||||||||| ||spa||
020
_a
84-01-44110-2
082
_a
305.23/O86
100
_a
"De Otero, Blas"
245
0
_a
PaĆs
942
_c
LIB
999
_c
36167
_d
36167